000
00312nam a2200157Ia 4500
100
_a
McNab Chris
250
_a
2
942
_c
BK
366
_f
25
245
_a
Network security Assessment
260
_b
Oreilly
_c
2008
082
_a
5.8
_b
MCN
300
_a
478
546
_a
ENGLISH
_c
Computers
999
_c
33117
_d
33117